| 000 | 00694nam a22002657a 4500 | ||
|---|---|---|---|
| 005 | 20251016112122.0 | ||
| 008 | 180322b xxu||||| |||| 00| 0 spa d | ||
| 020 | _a9789977239026 | ||
| 041 | _aESP | ||
| 082 | _aCR 863.4 J61t | ||
| 100 |
_aJiménez, Floria _946361 |
||
| 245 | _aLa tía Poli y su gato fantasma | ||
| 260 | _aCosta Rica | ||
| 260 | _bEditorial Costa Rica | ||
| 260 | _c2016 | ||
| 300 | _a166 páginas | ||
| 300 | _bIlustraciones a color | ||
| 490 | _aTemática General | ||
| 650 | _aCUENTOS INFANTILES | ||
| 650 | _aCUENTOS COSTARRICENSES | ||
| 650 | _aLITERATURA INFANTIL | ||
| 650 | _aLITERATURA COSTARRICENSE | ||
| 650 | _aAVENTURAS | ||
| 942 |
_cLIT _2ddc |
||
| 999 |
_c10500 _d10500 |
||